000 00534pab a2200193 454500
008 180718b2014 xxu||||| |||| 00| 0 eng d
100 _aDesai, Sreedhari D.
245 _aThe implications of marriage structure for men's workplace attitudes, beliefs, and behaviors toward women
260 _c2014
300 _ap.330-365.
362 _aJun
650 _aWomen
650 _aMarriage
700 _aBrief, Arthur P.
700 _aChugh, Dolly
773 _aAdministrative Science Quarterly
908 _aN
909 _a104677
999 _c104672
_d104672